000
00243nam a2200097Ia 4500
001
1194607
005
20250827021732.0
008
250824s9999 xx 000 0 und d
245
0
_a
ARKADAŞ ISLIKLARI
_c
ORHAN KEMAL
260
_b
EVEREST YAYINLARI
999
_c
1194607
_d
1194607